| 000 | 00715nam a22001935i 4500 | ||
|---|---|---|---|
| 001 | 157568 | ||
| 003 | ES-MaACL | ||
| 005 | 20250718063328.0 | ||
| 008 | 040831s1873 fr |||| | fre d | ||
| 100 | 1 |
_aLeroy-Beaulieu, Paul, _d1843-1916 _eaut _971810 |
|
| 245 | 1 | 4 |
_aDes systèmes coloniaux des peuples modernes / _cpar Leroy de Beaulieu. |
| 260 |
_aParis : _bGuillaumin et Cie., _c1873 _e(Versailles : _fTyp. et Stér. de Crété) |
||
| 300 |
_aVII, 616 páginas ; _c23 cm. |
||
| 650 | 4 |
_aColonización _9135791 |
|
| 852 |
_aES-MaACL _cDEPO2 _hDonativo de Antonio Escobar Laredo, 1883 _jF-4039 _xHolandesa |
||
| 942 |
_2udc _cMONANT _n0 |
||
| 999 |
_c157568 _d157568 |
||